A proposito della legalità

An address at the launch of Ad Normam Iuris. Paradigmi della legalità nel diritto canonico, de Beatrice Serra, Giappichelli, Torino, Collana di Studi di Diritto Canonico ed Ecclesiastico, 2018, Facoltà di Giurisprudenza, Università degli Studi di Roma Sapienza, 28 March 2019.

Saved in:  
Bibliographic Details
Main Author: Parolin, Pietro 1955- (Author)
Format: Electronic Article
Language:Spanish
Check availability: HBZ Gateway
Interlibrary Loan:Interlibrary Loan for the Fachinformationsdienste (Specialized Information Services in Germany)
Published: 2020
In: Ius canonicum
Year: 2020, Volume: 60, Issue: 119, Pages: 7-14
Standardized Subjects / Keyword chains:B Legality / Canon law
IxTheo Classification:SB Catholic Church law
Further subjects:B Sinodalidad
B Legaility
B Ius divinum
B Sinodality
B Legalidad
B Sensus fidei
Online Access: Volltext (lizenzpflichtig)

MARC

LEADER 00000caa a2200000 c 4500
001 1729061249
003 DE-627
005 20241205192902.0
007 cr uuu---uuuuu
008 200908s2020 xx |||||o 00| ||spa c
024 7 |a 10.15581/016.119.012  |2 doi 
035 |a (DE-627)1729061249 
035 |a (DE-599)KXP1729061249 
040 |a DE-627  |b ger  |c DE-627  |e rda 
041 |a spa 
084 |a 1  |2 ssgn 
100 1 |e VerfasserIn  |0 (DE-588)1042935661  |0 (DE-627)769871046  |0 (DE-576)394313895  |4 aut  |a Parolin, Pietro  |d 1955- 
109 |a Parolin, Pietro 1955-  |a Parolin, Petrus 1955- 
245 1 0 |a A proposito della legalità  |c Pietro Parolin 
264 1 |c 2020 
336 |a Text  |b txt  |2 rdacontent 
337 |a Computermedien  |b c  |2 rdamedia 
338 |a Online-Ressource  |b cr  |2 rdacarrier 
520 |a An address at the launch of Ad Normam Iuris. Paradigmi della legalità nel diritto canonico, de Beatrice Serra, Giappichelli, Torino, Collana di Studi di Diritto Canonico ed Ecclesiastico, 2018, Facoltà di Giurisprudenza, Università degli Studi di Roma Sapienza, 28 March 2019. 
520 |a Intervención con motivo de la presentación del volumen Ad Normam Iuris. Paradigmi della legalità nel diritto canonico, de Beatrice Serra, Giappichelli, Torino, Collana di Studi di Diritto Canonico ed Ecclesiastico, 2018, Facoltà di Giurisprudenza, Università degli Studi di Roma Sapienza, 28 marzo, 2019. 
601 |a Proposition 
650 4 |a Legalidad 
650 4 |a Sinodalidad 
650 4 |a Legaility 
650 4 |a Ius divinum 
650 4 |a Sinodality 
650 4 |a Sensus fidei 
652 |a SB 
689 0 0 |d s  |0 (DE-588)4125491-0  |0 (DE-627)104443553  |0 (DE-576)209577002  |2 gnd  |a Legalitätsprinzip 
689 0 1 |d s  |0 (DE-588)4073199-6  |0 (DE-627)106093029  |0 (DE-576)209189711  |2 gnd  |a Kanonisches Recht 
689 0 |5 (DE-627) 
773 0 8 |i Enthalten in  |t Ius canonicum  |d Pamplona : [Verlag nicht ermittelbar], 1961  |g 60(2020), 119, Seite 7-14  |h Online-Ressource  |w (DE-627)510106269  |w (DE-600)2228742-5  |w (DE-576)261325612  |x 2254-6219  |7 nnas 
773 1 8 |g volume:60  |g year:2020  |g number:119  |g pages:7-14 
856 4 0 |u https://doi.org/10.15581/016.119.012  |x Resolving-System  |z lizenzpflichtig  |3 Volltext  |7 1 
935 |a KALD 
951 |a AR 
CAN |a 1 
ELC |a 1 
ITA |a 1  |t 1 
LOK |0 000 xxxxxcx a22 zn 4500 
LOK |0 001 3747500447 
LOK |0 003 DE-627 
LOK |0 004 1729061249 
LOK |0 005 20210721162933 
LOK |0 008 200908||||||||||||||||ger||||||| 
LOK |0 040   |a DE-Tue135-1  |c DE-627  |d DE-Tue135-1 
LOK |0 852   |a DE-Tue135-1 
LOK |0 852 1  |m p  |9 00 
LOK |0 852 2  |b FTH Z5-356 (Print)  |9 00 
LOK |0 85640  |u https://bibsearch.uibk.ac.at/AC01279917 
LOK |0 935   |a inzs 
LOK |0 936ln  |0 1442053313  |a SB 
LOK |0 938   |k p 
LOK |0 939   |a 08-09-20  |b l01 
OAS |a 1 
ORI |a SA-MARC-ixtheoa001.raw 
STA 0 0 |a Canon law,Ecclesiastical law,Catholic church law,Church law,Ius divinum,Jus divinum,Divine right,Legality,Principle of legality 
STB 0 0 |a Droit canonique,Ius divinum,Loi de Dieu,Droit divin,Loi de Dieu,Droit divin,Principe de légalité 
STC 0 0 |a Derecho canónico,Ley divina,Principio de legalidad 
STD 0 0 |a Diritto canonico,Ius divinum,Principio di legalità 
STE 0 0 |a 合法性原则,教会法,神圣法 
STF 0 0 |a 合法性原則,教會法,神聖法 
STG 0 0 |a Direito canônico,Lei divina,Princípio de legalidade 
STH 0 0 |a Ius divinum,Каноническое право,Принцип легальности 
STI 0 0 |a Ius divinum,Αρχή της νομιμότητας,Κανονικό Δίκαιο,Εκκλησιαστικό Δίκαιο 
SUB |a CAN 
SYE 0 0 |a Jus divinum,Göttliches Recht 
SYG 0 0 |a Verfolgungspflicht,Verfolgungszwang , Katholisches Kirchenrecht